Central Library OPAC University of Rajshahi

Nonlinear oscillations, dynamical systems, and bifurcations of vector fields / (Record no. 67261)

MARC details
000 -LEADER
fixed length control field 01067nam a2200301 a 4500
001 - CONTROL NUMBER
control field 67261
003 - CONTROL NUMBER IDENTIFIER
rucl marc code BD-RjUL
005 - DATE AND TIME OF LATEST TRANSACTION
control field 20211209081630.0
008 - FIXED-LENGTH DATA ELEMENTS--GENERAL INFORMATION
fixed length control field 821214s1983 nyua b 001 0 eng
020 ## - INTERNATIONAL STANDARD BOOK NUMBER
International Standard Book Number 0387908196
035 ## - SYSTEM CONTROL NUMBER
System control number (BD-RjUL)67392
040 ## - CATALOGING SOURCE
Original cataloging agency DLC
Transcribing agency DLC
Modifying agency DLC
-- BD-RjUL
Language of cataloging eng
041 ## - LANGUAGE CODE
Language code of text/sound track or separate title eng
082 00 - DEWEY DECIMAL CLASSIFICATION NUMBER
Edition number 23
Classification number 531.32
Author mark and year GUN 1983
100 1# - MAIN ENTRY--PERSONAL NAME
Personal name Guckenheimer, John.
9 (RLIN) 199285
245 10 - TITLE STATEMENT
Title Nonlinear oscillations, dynamical systems, and bifurcations of vector fields /
Statement of responsibility, etc. John Guckenheimer, Philip Holmes.
260 ## - PUBLICATION, DISTRIBUTION, ETC. (IMPRINT)
Place of publication, distribution, etc. New York :
Name of publisher, distributor, etc. Springer-Verlag,
Date of publication, distribution, etc. c1983.
300 ## - PHYSICAL DESCRIPTION
Pagination xvi, 453 p. :
Illustrations ill. ;
Size 24 cm.
490 1# - SERIES STATEMENT
Series statement Applied mathematical sciences ;
Volume/sequential designation v. 42
504 ## - BIBLIOGRAPHY, ETC. NOTE
Bibliography, etc Includes Bibliography and index.
650 #0 - SUBJECT ADDED ENTRY--TOPICAL TERM
Topical term or geographic name as entry element Nonlinear oscillations.
9 (RLIN) 156060
Topical term or geographic name as entry element Differentiable dynamical systems.
9 (RLIN) 199286
Topical term or geographic name as entry element Bifurcation theory.
9 (RLIN) 199287
Topical term or geographic name as entry element Vector fields.
9 (RLIN) 199288
700 1# - ADDED ENTRY--PERSONAL NAME
Personal name Holmes, Philip,
Dates associated with a name 1945-
830 #0 - SERIES ADDED ENTRY--UNIFORM TITLE
Uniform title Applied mathematical sciences (Springer-Verlag New York Inc.) ;
Volume number/sequential designation v. 42.
942 ## - ADDED ENTRY ELEMENTS (KOHA)
Source of classification or shelving scheme Dewey Decimal Classification
Koha item type Books
Holdings
Lost status Source of classification or shelving scheme Damaged status Not for loan Collection code Permanent Location Current Location Shelving location Date acquired Source of acquisition Cost, normal purchase price Total Checkouts Full call number Date last seen Copy number Koha item type
  Dewey Decimal Classification   Not For Loan Non-fiction Central Library, University of Rajshahi Central Library, University of Rajshahi Reading Room 07/05/2008 Paragon enterprise, Dhaka 74.95   531.32 GUN 1983 23/03/2017 C-1 Books